01331cam a22002777a 4500001000500000005001700005020001800022020001500040040002300055050002400078082001400102100001800116245006100134250004600195260004000241300004000281500009800321505000700419520048200426521001700908521001700925650002900942650003400971650002301005650002501028262320240105122550.0 a9780545329002 a0545329000 aXY4cXY4dDLCbeng00aPZ7.K85656bLo 201104a813.62221 aKowitt, H. N.14aThe loser list /cwritten and illustrated by H.N. Kowitt aThis edition first printing, January 2011 aNew York :bScholastic Press,c2011 a213 pages :billustrations ;c19 cm a"This edition is available for distribution only through the school market"--p. [4] of cover. aH  aWhen Danny gets caught trying to cross his name off the "Geek" list in the girls' bathroom, he's sent to detention. Bullies torment him mercilessly -- until they discover that Danny can draw. He enjoys his new "bad boy" status, supplying tattoos and graffiti, until he's unknowingly drawn into a theft. Turns out the bullies took a comic book from Danny's favorite store. Can he steal it back before they get caught -- and break off with the bullies before he gets in too deep? a480 bLexile aH bRaz-Plus 0aTheftvJuvenile fiction. 0aPopularityvJuvenile fiction. 1aStealingvFiction. 1aPopularityvFiction.